[Event "PRVA LIGA  CENTRALNE SRBIJE"]
[Site "Vrnjacka Banja"]
[Date "2012.10.07"]
[Round "11.2"]
[White "Petkov, Vladimir"]
[Black "Rusev, Krasimir"]
[Result "1/2-1/2"]
[WhiteElo "2522"]
[BlackElo "2544"]
[PlyCount "23"]
[EventDate "2012.09.29"]

1. c4 e5 2. g3 Nf6 3. Bg2 d5 4. cxd5 Nxd5 5. Nc3 Nb6 6. Nf3 Nc6 7. O-O Be7 8.
d3 O-O 9. Be3 Be6 10. Na4 Nd7 11. Nc3 Nb6 12. Na4 1/2-1/2

[Event "PRVA LIGA  CENTRALNE SRBIJE"]
[Site "Vrnjacka Banja"]
[Date "2012.10.07"]
[Round "11.2"]
[White "Paunovic, Tomislav"]
[Black "Zivkovic, Ivan B"]
[Result "1/2-1/2"]
[WhiteElo "2333"]
[BlackElo "2351"]
[PlyCount "70"]
[EventDate "2012.09.29"]

1. d4 d5 2. c4 c6 3. Nf3 e6 4. e3 Nf6 5. Bd3 Nbd7 6. O-O Bd6 7. Nbd2 O-O 8. e4
e5 9. cxd5 cxd5 10. exd5 exd4 11. Ne4 Nxe4 12. Bxe4 Nf6 13. Bg5 h6 14. Bxf6
Qxf6 15. Qxd4 Qf4 16. g3 Qg4 17. Ne5 Qh5 18. Nc4 Be7 19. d6 Bf6 20. Qd5 Qh3 21.
Bg2 Be6 22. Qf3 Qg4 23. Qxg4 Bxg4 24. Bxb7 Rab8 25. Bd5 Rb5 26. Ne3 Be2 27.
Rfe1 Rxb2 28. Rab1 Rd2 29. Rb7 Bd4 30. Bb3 Bf3 31. Rc7 Bb6 32. Re7 Bc5 33. Rc7
Bb6 34. Re7 Bc5 35. Rc7 Bb6 1/2-1/2

[Event "PRVA LIGA  CENTRALNE SRBIJE"]
[Site "Vrnjacka Banja"]
[Date "2012.10.07"]
[Round "11.2"]
[White "Marcetic, Nikola"]
[Black "Manic, Jovica"]
[Result "1-0"]
[WhiteElo "2382"]
[BlackElo "2259"]
[PlyCount "83"]
[EventDate "2012.09.29"]

1. d4 c5 2. d5 e5 3. e4 d6 4. c4 Be7 5. Bd3 Bg5 6. Nd2 Nd7 7. Ngf3 Bh6 8. a3
Ne7 9. Nf1 Bxc1 10. Qxc1 Ng6 11. g3 Nf6 12. h4 h6 13. N3h2 Qa5+ 14. Qd2 Qxd2+
15. Kxd2 Bd7 16. b4 O-O 17. bxc5 dxc5 18. Ne3 Ne8 19. h5 Ne7 20. Nhg4 f6 21.
Rab1 b6 22. Nh2 Nd6 23. f4 Nf7 24. Nf3 Nc8 25. Nh4 Ncd6 26. Rhe1 Rfe8 27. Nef5
Nxf5 28. exf5 exf4 29. gxf4 Rxe1 30. Rxe1 Re8 31. Re6 Nd8 32. Rd6 Bc8 33. Ng6
Kf7 34. a4 Rg8 35. a5 bxa5 36. Bc2 a6 37. Ba4 Bxf5 38. Rxa6 Nb7 39. Ra7 Rb8 40.
Bc6 Bc8 41. f5 Bxf5 42. Bxb7 1-0

[Event "PRVA LIGA  CENTRALNE SRBIJE"]
[Site "Vrnjacka Banja"]
[Date "2012.10.07"]
[Round "11.2"]
[White "Carnic, Srdjan"]
[Black "Vuckovic, Branko"]
[Result "1-0"]
[WhiteElo "2338"]
[BlackElo "2258"]
[PlyCount "85"]
[EventDate "2012.09.29"]

1. Nf3 Nf6 2. d4 d5 3. c4 c6 4. Qc2 e6 5. g3 Bd6 6. Bg2 Nbd7 7. O-O O-O 8. Nbd2
e5 9. cxd5 Nxd5 10. Nc4 Qe7 11. Nxd6 Qxd6 12. Rd1 Qe7 13. e4 Nb4 14. Qc3 exd4
15. Nxd4 Nb6 16. Bf4 Rd8 17. a3 Na6 18. b4 Bd7 19. Nb3 Be6 20. Na5 Rxd1+ 21.
Rxd1 Rd8 22. Rxd8+ Qxd8 23. Nxb7 Qd1+ 24. Bf1 Bc4 25. Qc1 Qxf1+ 26. Qxf1 Bxf1
27. Kxf1 Nc4 28. Nd8 Nxa3 29. Nxc6 Kf8 30. Nxa7 Ke7 31. b5 Nc5 32. f3 Kd7 33.
Be3 Na4 34. Bd4 g6 35. Ke2 Kc7 36. Kd3 Kb7 37. Nc6 Kc7 38. Na7 Kb7 39. g4 Nb6
40. Nc6 Kc7 41. Ne5 f5 42. Bxb6+ Kxb6 43. Nc4+ 1-0

[Event "PRVA LIGA  CENTRALNE SRBIJE"]
[Site "Vrnjacka Banja"]
[Date "2012.10.07"]
[Round "11.3"]
[White "Marinkovic, Ivan"]
[Black "Zivkovic, Sava"]
[Result "1/2-1/2"]
[WhiteElo "2443"]
[BlackElo "2351"]
[PlyCount "42"]
[EventDate "2012.09.29"]

1. e4 c5 2. Nf3 d6 3. d4 cxd4 4. Nxd4 Nf6 5. Nc3 g6 6. g3 Bg7 7. Bg2 O-O 8. h3
Nc6 9. Be3 Bd7 10. O-O Nxd4 11. Bxd4 Bc6 12. Re1 Nd7 13. Bxg7 Kxg7 14. Qd4+ Kg8
15. Nd5 Re8 16. Re3 Bxd5 17. Qxd5 Rc8 18. Qxb7 Rxc2 19. b4 Rc7 20. Qb5 Qb8 21.
Qxb8 Rxb8 1/2-1/2

[Event "PRVA LIGA  CENTRALNE SRBIJE"]
[Site "Vrnjacka Banja"]
[Date "2012.10.07"]
[Round "11.3"]
[White "Nenadovic, Ljubisa"]
[Black "Tasic, Vladimir"]
[Result "1/2-1/2"]
[WhiteElo "2185"]
[BlackElo "2250"]
[PlyCount "20"]
[EventDate "2012.09.29"]

1. d4 Nf6 2. c4 e6 3. Nf3 b6 4. g3 Bb7 5. Bg2 Bb4+ 6. Bd2 Be7 7. Nc3 O-O 8. d5
d6 9. O-O e5 10. e4 a5 1/2-1/2

[Event "PRVA LIGA  CENTRALNE SRBIJE"]
[Site "Vrnjacka Banja"]
[Date "2012.10.07"]
[Round "11.5"]
[White "Djukic, Zeljko"]
[Black "Stojanovic, Mihajlo"]
[Result "0-1"]
[WhiteElo "2405"]
[BlackElo "2572"]
[PlyCount "98"]
[EventDate "2012.09.29"]

1. d4 d5 2. c4 dxc4 3. Nf3 c5 4. e3 cxd4 5. Bxc4 Qc7 6. Qb3 e6 7. exd4 Nc6 8.
Nc3 a6 9. Be2 Nf6 10. O-O Be7 11. d5 Nxd5 12. Nxd5 exd5 13. Qxd5 O-O 14. Qe4
Qa5 15. Bd2 Qf5 16. Qxf5 Bxf5 17. Bc3 Rad8 18. Rfd1 Bc5 19. h3 Nb4 20. a3 Nd3
21. Bxd3 Bxd3 22. Rd2 Be4 23. Rad1 Rxd2 24. Rxd2 Rc8 25. Bd4 Bf8 26. Bc3 f6 27.
Rd4 Bxf3 28. gxf3 Bxa3 29. Rd7 b5 30. Ra7 Bf8 31. Rxa6 b4 32. Bd4 Rc4 33. Be3
Rc2 34. Ra2 Kf7 35. Kf1 Ke6 36. Ra6+ Kd5 37. b3 Rb2 38. Ra5+ Ke6 39. h4 Rxb3
40. Ke2 Rb1 41. h5 b3 42. Bd4 b2 43. Rb5 Ba3 44. f4 Rc1 45. f5+ Kd6 46. Bxb2
Rc2+ 47. Kf3 Rxb2 48. Ra5 Bc5 49. Ra6+ Ke5 0-1

[Event "PRVA LIGA  CENTRALNE SRBIJE"]
[Site "Vrnjacka Banja"]
[Date "2012.10.07"]
[Round "11.5"]
[White "Mista, Aleksander"]
[Black "Ilic, Zoran S"]
[Result "1-0"]
[WhiteElo "2543"]
[BlackElo "2311"]
[PlyCount "93"]
[EventDate "2012.09.29"]

1. e4 c5 2. Nf3 e6 3. d4 cxd4 4. Nxd4 a6 5. Bd3 Bc5 6. Nb3 Be7 7. O-O d6 8. c4
Nf6 9. Nc3 b6 10. Re1 Bb7 11. Bf4 Nbd7 12. Bf1 Qc7 13. Rc1 O-O 14. a3 Rfc8 15.
Nd2 Rab8 16. b4 Qd8 17. Qe2 Ba8 18. Red1 Ne8 19. Nf3 Bf8 20. g3 g6 21. Bg2 Qe7
22. Bg5 f6 23. Bf4 g5 24. Be3 Qf7 25. Nd4 Ng7 26. Nb3 h6 27. Na4 Rc7 28. Bd4
Qg6 29. Qe3 Rbc8 30. Nxb6 Nxb6 31. Bxb6 Rxc4 32. Rxc4 Rxc4 33. Nd4 Rc8 34. Qd3
Bb7 35. Nb3 Rb8 36. Na5 Ba8 37. Bc7 Rb5 38. Bxd6 Bxd6 39. Qxd6 Bxe4 40. Qxa6
Rd5 41. Rxd5 exd5 42. Nc6 Kh7 43. Ne7 Qf7 44. Qd6 Bxg2 45. Kxg2 d4 46. b5 Ne8
47. Qd7 1-0

[Event "PRVA LIGA  CENTRALNE SRBIJE"]
[Site "Vrnjacka Banja"]
[Date "2012.10.07"]
[Round "11.5"]
[White "Mitrovic, Darko R"]
[Black "Tadic, Branko"]
[Result "1/2-1/2"]
[WhiteElo "2266"]
[BlackElo "2525"]
[PlyCount "124"]
[EventDate "2012.09.29"]

1. e4 c5 2. Nf3 Nc6 3. d4 cxd4 4. Nxd4 e5 5. Nb5 d6 6. c4 Be6 7. N1c3 a6 8. Na3
Be7 9. Nc2 Bg5 10. Bxg5 Qxg5 11. Qd2 Qxd2+ 12. Kxd2 Nge7 13. Bd3 O-O 14. f3 f5
15. b3 Rab8 16. Rac1 h6 17. Rhd1 g5 18. exf5 Nxf5 19. Bxf5 Bxf5 20. Ne3 Be6 21.
Ke1 Rbd8 22. Rd2 Kf7 23. h3 Ke7 24. Rcd1 Nd4 25. Ne2 Nxe2 26. Kxe2 b5 27. Nd5+
Kf7 28. cxb5 axb5 29. Nb4 h5 30. Rxd6 Rxd6 31. Rxd6 g4 32. hxg4 hxg4 33. Nc6
gxf3+ 34. gxf3 Bf5 35. Nxe5+ Ke7 36. Rb6 Ra8 37. Rxb5 Rxa2+ 38. Ke3 Bh3 39. Rb6
Ra1 40. Kf4 Rb1 41. b4 Kd8 42. Rd6+ Kc7 43. Rd4 Kb6 44. Nc4+ Kc6 45. Nd6 Rb3
46. b5+ Kc5 47. Rd2 Bf1 48. Ke4 Rb1 49. Rd5+ Kb6 50. Kf5 Bh3+ 51. Kg5 Rc1 52.
f4 Rc2 53. f5 Rc5 54. Rxc5 Kxc5 55. Ne4+ Kxb5 56. f6 Be6 57. Kg6 Kc6 58. Ng5
Bd5 59. Kg7 Kd7 60. Ne4 Kd8 61. Nc5 Bc4 62. f7 Bxf7 1/2-1/2

[Event "PRVA LIGA  CENTRALNE SRBIJE"]
[Site "Vrnjacka Banja"]
[Date "2012.10.07"]
[Round "11.5"]
[White "Nestorovic, Nikola"]
[Black "Djokic, Vladan"]
[Result "1-0"]
[WhiteElo "2430"]
[BlackElo "2334"]
[PlyCount "91"]
[EventDate "2012.09.29"]

1. e4 c5 2. Nf3 e6 3. c4 d6 4. Nc3 e5 5. Be2 f5 6. exf5 Bxf5 7. d3 Nc6 8. O-O
Be7 9. Ne1 Qd7 10. Nc2 Nf6 11. Bf3 O-O 12. Ne3 Bg6 13. Ned5 Nd4 14. Nxf6+ Bxf6
15. Bd5+ Kh8 16. Be3 Nf5 17. Qd2 Rab8 18. a3 Bd8 19. Qe2 Ba5 20. Rab1 Bxc3 21.
bxc3 b6 22. f3 Nxe3 23. Qxe3 b5 24. f4 exf4 25. Rxf4 Rxf4 26. Qxf4 Bxd3 27.
Rxb5 Qe8 28. h3 a6 29. Rxb8 Qxb8 30. Qf7 Qd8 31. Kf2 h6 32. Ke3 Bb1 33. h4 Kh7
34. g3 Bg6 35. Qe6 Qe8 36. g4 Qxe6+ 37. Bxe6 h5 38. g5 Bb1 39. Bd5 Bf5 40. Bb7
a5 41. Be4 Kg6 42. a4 Bxe4 43. Kxe4 Kf7 44. Kd5 Ke7 45. Kc6 Ke6 46. Kb5 1-0

[Event "PRVA LIGA  CENTRALNE SRBIJE"]
[Site "Vrnjacka Banja"]
[Date "2012.10.07"]
[Round "11.5"]
[White "Nestorovic, Lazar"]
[Black "Stankovic, Dejan"]
[Result "1-0"]
[WhiteElo "2384"]
[BlackElo "2267"]
[PlyCount "49"]
[EventDate "2012.09.29"]

1. e4 e5 2. Nf3 Nf6 3. Nxe5 d6 4. Nf3 Nxe4 5. Nc3 Nf6 6. d4 Be7 7. Bg5 Bf5 8.
Bd3 Qd7 9. d5 Bxd3 10. Qxd3 Na6 11. O-O-O O-O 12. Nd4 Nxd5 13. Nxd5 Bxg5+ 14.
f4 Bd8 15. g4 c6 16. Ne3 Nc5 17. Qa3 Ne6 18. Nxe6 Qxe6 19. Nf5 d5 20. Rhe1 Qd7
21. h3 a6 22. Ne7+ Kh8 23. Ng6+ hxg6 24. Qxf8+ Kh7 25. Re8 1-0

[Event "PRVA LIGA  CENTRALNE SRBIJE"]
[Site "Vrnjacka Banja"]
[Date "2012.10.07"]
[Round "11.6"]
[White "Blesic, Vaso"]
[Black "Brankovic, Dejan"]
[Result "0-1"]
[WhiteElo "2390"]
[BlackElo "2337"]
[PlyCount "70"]
[EventDate "2012.09.29"]

1. e4 c5 2. Nc3 Nc6 3. f4 g6 4. Bb5 Nd4 5. Nf3 Bg7 6. O-O e6 7. d3 Ne7 8. Nxd4
cxd4 9. Ne2 f5 10. Ba4 O-O 11. Bb3 Kh8 12. c3 Nc6 13. e5 d6 14. Nxd4 Nxd4 15.
cxd4 Qb6 16. Rf2 Qxd4 17. Bd2 dxe5 18. Bc3 Qd6 19. fxe5 Bxe5 20. Qe1 Bd4 21.
Qe3 e5 22. Bxd4 exd4 23. Qf4 Qxf4 24. Rxf4 Bd7 25. Bd5 Rfd8 26. Rc1 Rac8 27.
Rc4 Bb5 28. Rcxd4 Rc1+ 29. Kf2 Rc2+ 30. Kg3 Rxb2 31. a4 Bxa4 32. Bxb7 Rxd4 33.
Rxd4 Bb5 34. Kf4 Bxd3 35. Bf3 Be4 0-1

[Event "PRVA LIGA  CENTRALNE SRBIJE"]
[Site "Vrnjacka Banja"]
[Date "2012.10.07"]
[Round "11.6"]
[White "Jevtic, Sasa"]
[Black "Sandic, Vladeta"]
[Result "1/2-1/2"]
[WhiteElo "2288"]
[BlackElo "2338"]
[PlyCount "23"]
[EventDate "2012.09.29"]

1. d4 Nf6 2. c4 c6 3. Nf3 d5 4. cxd5 cxd5 5. Nc3 Nc6 6. Bf4 Bf5 7. e3 e6 8. Bd3
Bxd3 9. Qxd3 Bd6 10. Bxd6 Qxd6 11. O-O O-O 12. Rfc1 1/2-1/2

[Event "PRVA LIGA  CENTRALNE SRBIJE"]
[Site "Vrnjacka Banja"]
[Date "2012.10.07"]
[Round "11"]
[White "Rajkovic Dusan"]
[Black "Civric Zdravko"]
[Result "1-0"]
[WhiteElo "2215"]
[BlackElo "2409"]
[PlyCount "83"]
[EventDate "2012.??.??"]

1. d4 c5 2. d5 b5 3. e4 a6 4. a4 b4 5. f4 d6 6. Bc4 g6 7. Nf3 Bg7 8. a5 Nf6 9.
e5 Ng4 10. h3 Nh6 11. c3 O-O 12. O-O Qc7 13. Re1 Kh8 14. Be3 Nd7 15. Bf2 dxe5
16. fxe5 Nxe5 17. Bg3 Nxf3+ 18. Qxf3 Qb7 19. Nd2 Nf5 20. Bf2 Qc7 21. Ne4 Nd6
22. Bg3 Bf5 23. Bf1 Bxe4 24. Rxe4 Qb7 25. Ree1 bxc3 26. bxc3 Rad8 27. Rab1 Qd7
28. Bxa6 Ra8 29. Rb6 Nf5 30. Bb5 Qd8 31. Bc6 Rxa5 32. Rb8 Qxb8 33. Bxb8 Rxb8
34. g4 Nh6 35. Rxe7 Ra1+ 36. Kg2 Ra2+ 37. Re2 Rxe2+ 38. Qxe2 Bxc3 39. Qe3 Rb2+
40. Kf1 Bg7 41. d6 Ng8 42. g5 1-0

[Event "PRVA LIGA  CENTRALNE SRBIJE"]
[Site "Vrnjacka Banja"]
[Date "2012.10.07"]
[Round "11"]
[White "Knezevic Veljko"]
[Black "Ristic Nenad"]
[Result "1/2-1/2"]
[WhiteElo "1915"]
[BlackElo "2422"]
[PlyCount "103"]
[EventDate "2012.??.??"]

1. e4 c5 2. Nf3 d6 3. d4 cxd4 4. Nxd4 Nf6 5. Nc3 g6 6. Be3 Bg7 7. f3 O-O 8. Qd2
Nc6 9. O-O-O d5 10. exd5 Nxd5 11. Nxc6 bxc6 12. Bd4 e5 13. Bc5 Be6 14. Ne4 Re8
15. h4 h6 16. g4 Qc7 17. g5 h5 18. Qf2 Red8 19. Bc4 Nf4 20. Bxe6 Nxe6 21. Bd6
Qa5 22. Kb1 Nd4 23. c3 Nf5 24. Rd2 Rd7 25. Rhd1 Rad8 26. Bb4 Rxd2 27. Rxd2 Rxd2
28. Nxd2 Qd5 29. Kc2 a5 30. Ba3 Qxa2 31. Nb3 a4 32. Nc5 Qc4 33. Ne4 Nd4+ 34.
Kc1 Nb3+ 35. Kc2 Nd4+ 36. Kc1 Ne6 37. Kc2 Nf4 38. Qe3 Qf1 39. Nd2 Qh1 40. Qf2
f6 41. gxf6 Bxf6 42. Qc5 Qxh4 43. Qf8+ Kh7 44. Qf7+ Bg7 45. Be7 Qh3 46. Bf6 Ne6
47. Ne4 Qg2+ 48. Kb1 Qf1+ 49. Ka2 Qc4+ 50. Kb1 Qf1+ 51. Ka2 Qc4+ 52. Kb1
1/2-1/2

[Event "PRVA LIGA  CENTRALNE SRBIJE"]
[Site "Vrnjacka Banja"]
[Date "2012.10.07"]
[Round "11"]
[White "Zivanic Slobodan"]
[Black "Djokic Nenad"]
[Result "1/2-1/2"]
[WhiteElo "2211"]
[BlackElo "2401"]
[PlyCount "87"]
[EventDate "2012.??.??"]

1. d4 Nf6 2. Nf3 g6 3. c4 Bg7 4. Nc3 O-O 5. e4 d6 6. h3 c6 7. Be2 Nbd7 8. Bg5
h6 9. Be3 e5 10. d5 cxd5 11. cxd5 b6 12. Nd2 Ne8 13. g4 Nc5 14. Nf1 a6 15. b4
Nd7 16. h4 b5 17. h5 g5 18. Nd2 Nb6 19. Nb3 Bd7 20. Na5 Rc8 21. Qd2 Qc7 22. Rc1
Bf6 23. f3 Qb8 24. O-O Kh7 25. Rc2 Ng7 26. Rfc1 Rfe8 27. Nd1 Rxc2 28. Rxc2 Rc8
29. Nc3 Ne8 30. Bd3 Kg7 31. Rc1 Kh8 32. Rb1 Nc4 33. Nxc4 bxc4 34. Bc2 Bd8 35.
Qf2 Nf6 36. Bd1 Kg7 37. a3 Ne8 38. Kg2 Qb7 39. a4 Nf6 40. Kg3 Ne8 41. Qd2 Kh7
42. Bf2 Bb6 43. Bc2 Kg7 44. Nd1 1/2-1/2

[Event "PRVA LIGA  CENTRALNE SRBIJE"]
[Site "Vrnjacka Banja"]
[Date "2012.10.07"]
[Round "11"]
[White "Pavlovic Dejan S"]
[Black "Chatalbalshev Boris"]
[Result "0-1"]
[WhiteElo "2406"]
[BlackElo "2549"]
[PlyCount "69"]
[EventDate "2012.??.??"]

1. e4 g6 2. d4 Bg7 3. Nc3 c6 4. Nf3 d6 5. Be3 Nf6 6. h3 O-O 7. Bd3 Nbd7 8. O-O
e5 9. Re1 b5 10. dxe5 dxe5 11. a4 b4 12. Na2 Qe7 13. Qd2 c5 14. c3 Bb7 15. cxb4
cxb4 16. Nxb4 a5 17. Nd5 Nxd5 18. exd5 Bxd5 19. Bb5 Nf6 20. Rac1 Bxf3 21. Bc5
Qe6 22. Bxf8 Rxf8 23. gxf3 Qxh3 24. Bf1 Bh6 25. Qxa5 Qxf3 26. Rc3 Qg4+ 27. Rg3
Qh4 28. Rh3 Qg4+ 29. Rg3 Qh4 30. Bg2 Ng4 31. Qc5 Bd2 32. Re4 Bf4 33. Rh3 Qf6
34. Re2 Rd8 35. Qc2 0-1

[Event "PRVA LIGA  CENTRALNE SRBIJE"]
[Site "Vrnjacka Banja"]
[Date "2012.10.07"]
[Round "11"]
[White "Colovic Dusan"]
[Black "Todorovic Goran N"]
[Result "1-0"]
[WhiteElo "2383"]
[BlackElo "2388"]
[PlyCount "70"]
[EventDate "2012.??.??"]

1. d4 Nf6 2. Nc3 d6 3. Bf4 g6 4. e4 Nbd7 5. Nf3 Nh5 6. Be3 e5 7. Qd2 c6 8.
O-O-O Be7 9. Kb1 a6 10. h3 b5 11. Bh6 Bb7 12. g4 Nhf6 13. dxe5 Nxe5 14. Nxe5
dxe5 15. Qe3 Qc7 16. Be2 Nd7 17. f4 O-O-O 18. f5 Rhg8 19. h4 Nb6 20. fxg6 fxg6
21. Rhf1 Bd6 22. a3 Kb8 23. Rf6 Bc8 24. Rfxd6 Rxd6 25. Rxd6 Qxd6 26. Qxb6+ Bb7
27. Be3 Qd8 28. Qa7+ Kc8 29. g5 Qd7 30. Qc5 Re8 31. a4 Kd8 32. axb5 axb5 33. b3
Re7 34. Kb2 Ke8 35. Nd5 Qd8 1-0

[Event "PRVA LIGA  CENTRALNE SRBIJE"]
[Site "Vrnjacka Banja"]
[Date "2012.10.07"]
[Round "11"]
[White "Indjic Aleksandar"]
[Black "Boskovic Drasko"]
[Result "1/2-1/2"]
[WhiteElo "2494"]
[BlackElo "2431"]
[PlyCount "113"]
[EventDate "2012.??.??"]

1. d4 Nf6 2. Nf3 g6 3. c4 c5 4. dxc5 Na6 5. Nc3 Nxc5 6. b4 Ne6 7. Bb2 Bg7 8. e3
O-O 9. Be2 d6 10. O-O b6 11. Qb3 Bb7 12. Rfd1 Qd7 13. Rac1 Rfc8 14. a3 Qe8 15.
Ba1 Nf8 16. Nd4 N8d7 17. Nd5 Rab8 18. f3 a6 19. e4 e6 20. Nxf6+ Nxf6 21. Bf1
Qe7 22. Qe3 Nd7 23. Nb3 Bxa1 24. Rxa1 Rd8 25. Ra2 Bc6 26. Rad2 Nf6 27. e5 dxe5
28. Rxd8+ Rxd8 29. Rxd8+ Qxd8 30. Qxe5 Ba4 31. Nd4 Nd7 32. Qd6 Qf8 33. Qxf8+
Kxf8 34. Kf2 Ke7 35. Ke3 e5 36. Ne2 Bc6 37. Nc3 a5 38. Bd3 axb4 39. axb4 f5 40.
Bc2 Kd6 41. g4 Ke6 42. g5 Kd6 43. h4 Nf8 44. Ba4 Bb7 45. Nb5+ Ke7 46. Nc7 Kd8
47. Ne8 f4+ 48. Kf2 Ke7 49. Nf6 Ne6 50. Bc2 Bxf3 51. Bxg6 hxg6 52. Kxf3 Nd4+
53. Ke4 f3 54. Ng4 Kd6 55. c5+ bxc5 56. Nf6 Ke7 57. Kxe5 1/2-1/2

[Event "PRVA LIGA  CENTRALNE SRBIJE"]
[Site "Vrnjacka Banja"]
[Date "2012.10.07"]
[Round "11.2"]
[White "Radovanovic, Dusan"]
[Black "Tosic, Miroslav"]
[Result "1/2-1/2"]
[WhiteElo "2359"]
[BlackElo "2421"]
[PlyCount "137"]
[EventDate "2012.09.29"]

1. d4 Nf6 2. c4 g6 3. Nc3 Bg7 4. e4 d6 5. h3 O-O 6. Nf3 e5 7. d5 Nbd7 8. Bg5 a5
9. Nd2 c6 10. Be2 Nc5 11. h4 Qb6 12. Qc2 Bd7 13. h5 a4 14. h6 Bh8 15. O-O Rfc8
16. a3 cxd5 17. cxd5 Ne8 18. Nc4 Qc7 19. Qd1 Nb3 20. Rb1 Nd4 21. Bd3 b5 22. Nd2
Qb6 23. Na2 Nf6 24. Kh1 Nh5 25. g3 Rc5 26. Nb4 Rac8 27. Be3 Nf6 28. f3 Ra8 29.
Kg2 Rcc8 30. Rc1 Rc5 31. Nb1 Ne8 32. Nc3 Qb7 33. Qe1 Nf6 34. Ne2 Rxc1 35. Qxc1
Nb3 36. Qe1 Rc8 37. Qf2 Be8 38. Bc2 Na5 39. Bd3 Nc4 40. Bxc4 Rxc4 41. Rc1 Rxc1
42. Nxc1 Nd7 43. Ncd3 f5 44. Qc2 Nb8 45. Nf2 Bd7 46. Bg5 Kf7 47. Bd8 Na6 48.
Nxa6 Qxa6 49. exf5 gxf5 50. Qc1 Bf6 51. Bxf6 Kxf6 52. Nh3 f4 53. gxf4 Qc8 54.
fxe5+ Kxe5 55. Qg5+ Bf5 56. Nf4 Kd4 57. Kg3 Kc4 58. Qf6 Kb3 59. Ne2 Bd3 60. Nf4
Bc4 61. Qxd6 Qf5 62. Qb4+ Ka2 63. Qd2 Qg5+ 64. Kf2 Qh4+ 65. Ke3 Qe7+ 66. Kf2
Qh4+ 67. Ke3 Qe7+ 68. Kd4 Qd6 69. Ke3 1/2-1/2

[Event "PRVA LIGA  CENTRALNE SRBIJE"]
[Site "Vrnjacka Banja"]
[Date "2012.10.07"]
[Round "11.2"]
[White "Matijevic, Nenad"]
[Black "Nikolic, Boban"]
[Result "0-1"]
[WhiteElo "2182"]
[BlackElo "2235"]
[PlyCount "148"]
[EventDate "2012.09.29"]

1. e4 d6 2. d4 Nf6 3. Nc3 g6 4. f4 Bg7 5. Nf3 O-O 6. e5 Nfd7 7. Ne4 c5 8. c3
cxd4 9. cxd4 dxe5 10. fxe5 Nc6 11. Be2 Nb6 12. h3 Bf5 13. Ng3 Be6 14. O-O Rc8
15. Be3 Nb4 16. Qd2 Nc2 17. Rac1 Nxe3 18. Qxe3 Nd5 19. Qd2 Qb6 20. Ne4 Nb4 21.
Rxc8 Rxc8 22. a3 Nc6 23. Kh1 Rd8 24. Neg5 Nxd4 25. Nxe6 Nxe6 26. Qb4 Qxb4 27.
axb4 Bh6 28. Bc4 Bf4 29. g4 g5 30. Ra1 Be3 31. Re1 Bf4 32. Ra1 a6 33. b5 Nc7
34. bxa6 Nxa6 35. e6 fxe6 36. Bxe6+ Kg7 37. Re1 Nc5 38. Bc4 Rd7 39. Bb5 Rc7 40.
b4 Nb3 41. Ba4 Rc3 42. Kg2 Kf6 43. Bd7 Rc2+ 44. Kg1 Nc1 45. Bf5 Rb2 46. Re6+
Kf7 47. Ne5+ Bxe5 48. Rxe5 Ne2+ 49. Kf1 Ng3+ 50. Kg1 h5 51. Rb5 h4 52. Bc8 Ne4
53. Bxb7 Nd6 54. Rb6 Kf6 55. Bg2 Ke5 56. Rb8 Nc4 57. b5 Kd6 58. Bc6 Ne5 59. Rg8
Nxc6 60. Rg6+ Ke5 61. bxc6 Kf4 62. Kf1 Rc2 63. Re6 Kf3 64. Ke1 Rc1+ 65. Kd2 Rc5
66. Rxe7 Rxc6 67. Re5 Kg2 68. Re3 Rf6 69. Ke2 Rf2+ 70. Ke1 Rf3 71. Re5 Rxh3 72.
Rxg5 Re3+ 73. Kd2 Re8 74. Rh5 h3 0-1